Missing Word: Films Adapted from Literature (2014) Quiz Stats

 Plays Quiz Updated Jan 22, 2015

Score 0/18 Timer 03:00
0 Plays Today
Film Missing Word % Correct
_____ the WoodsInto
82.8%
The _____ in Our StarsFault
78.6%
A Walk _____ the TombstonesAmong
77%
The Hunger Games: _____ – Part 1Mockingjay
72.1%
Think _____ a Man TooLike
71.5%
Alexander and the Terrible, _____, No Good, Very Bad DayHorrible
65.7%
The Hobbit: The Battle of the _____ ArmiesFive
56.8%
The _____ of EverythingTheory
56.6%
_____ Last NightAbout
56.2%
Film Missing Word % Correct
_____ the MessengerKill
44.6%
The Hundred-_____ JourneyFoot
41.5%
_____ Is for RealHeaven
41%
Edge of _____Tomorrow
40%
The _____ Faces of JanuaryTwo
38.1%
The _____ MenMonuments
30.3%
_____ AcademyVampire
20.1%
When the _____ Stands TallGame
18.2%
The _____ KingMonkey
3.5%

Today's Daily Dose

You're not logged in!

Compare scores with friends on all Sporcle quizzes.
Join for Free
OR
Log In

You Might Also Like...

Show Comments

Extras

Top Quizzes Today


Score Distribution

Your Account Isn't Verified!

In order to create a playlist on Sporcle, you need to verify the email address you used during registration. Go to your Sporcle Settings to finish the process.

Report this User

Report this user for behavior that violates our Community Guidelines.

Details: